00556nam a22001337a 4500082002100000100002600021245008700047260004400134300002100178563000800199942001200207999001900219952018400238 a347.4210954bBAS aBasit, Muhammad Abdul aLaw of defamation & malicious prosecution with model forms /cMuhammad Abdul Basit aRawalpindi :bFederal Law House,c2017. a282 p. ;c24 CM. aHB. 2ddccBK c615981d615981 00102ddc406347_421095400000000_BAS709644333aNLSbNLSd2026-02-02eDonated by Fahad Hashmi Account Officer S3H & NLSl0o347.4210954 BASpNLSD-381r2026-02-02w2026-02-02yBK